| 000 | 01534nam0a2200361 4500 | ||
|---|---|---|---|
| 001 | RU\NLR\bibl\884787 | ||
| 005 | 20260405091911.0 | ||
| 010 |
_a5-469-00568-2 _94000 |
||
| 021 |
_aRU _b2005-57834 _92829 |
||
| 035 | _a(NLR Aleph) 000873331 | ||
| 090 |
_a1613269 _c1613269 |
||
| 100 | _a20051207d2005 |||y0rusy50 ca | ||
| 101 | 0 | _arus | |
| 102 | _aRU | ||
| 105 | _aa ||||||||| | ||
| 200 | 1 |
_aHR-практика. Управление персоналом как это есть на самом деле _fО. Свергун, Ю. Пасс, Д. Дьякова, А. Новикова |
|
| 210 |
_aСанкт-Петербург [и др.] _cПитер _d2005 |
||
| 215 |
_a319 с. _cил. _d22 |
||
| 225 | 1 | _aПрактическая психология | |
| 517 | 0 | _aУправление персоналом как это есть на самом деле | |
| 606 | 1 |
_aМенеджмент кадровый _92071115 _3RU\NLR\auth\661245862 |
|
| 686 | _aС550.373.2 | ||
| 686 | _aУ24(2)0-21 | ||
| 701 | 1 |
_aСвергун _bО. Ю. _gОксана Юрьевна _4070 |
|
| 701 | 1 |
_4070 _8rus _7ca _aПасс _bЮ. _3RU\NLR\auth\7733142 _916150 |
|
| 701 | 1 |
_aДьякова _bД. _4070 |
|
| 701 | 1 |
_4070 _8rus _7ca _aНовикова _bА. А. _cспециалист в обл. менеджмента _gАлександра Александровна _3RU\NLR\auth\7733153 _916161 |
|
| 801 | 0 |
_aRU _bNLR _c20051207 _grcr |
|
| 801 | 1 |
_aRU _bNLR _c20051207 |
|
| 830 | _a1-й авт. по ЭК | ||
| 942 | _cBOOK | ||
| 980 | _aNB | ||